000 00314nam a2200133Ia 4500
082 _a615
_bP13K
100 _aKAMALA, KANNAN P.
245 _aTB. OF PHARMACOLOGY FOR NURSES & ALLIED HEALTH SCIENCES
250 _a1ST
260 _bCBS
_aDELHI
_c2013
300 _a383
650 _aPHARMACOLOGY
942 _2ddc
_cBK
_04
999 _c2328
_d2328